[Event "1.GRS Open"]
[Site "Ober-Ramstadt, Modauhalle"]
[Date "2024.07.28"]
[Round "5.35"]
[White "Erhardt, Daniel"]
[Black "Diehm, Alexander"]
[Result "1/2-1/2"]
[WhiteElo "1791"]
[BlackElo "1976"]
[PlyCount "118"]
[EventDate "2024.07.26"]
[WhiteTeam "SC Ostfildern 1952 e.V."]
[BlackTeam "SC FK Babenhausen 1994"]

1. c4 e6 2. Nc3 d5 3. cxd5 exd5 4. d4 Nf6 5. g3 Be7 6. Bg2 c6 7. Bf4 O-O 8. Nf3 Ne4 9. Nxe4 dxe4 10. Ne5 Qd5 11. Qc2 Bb4+ 12. Kf1 Qxd4 13. Bxe4 Bh3+ 14. Kg1 Rd8 15. Bxh7+ Kf8 16. Nf3 Qc5 17. Qxc5+ Bxc5 18. Ng5 Bg4 19. Bd3 f6 20. Ne4 Bd4 21. h3 Be6 22. Nc3 Nd7 23. Bc7 Rdc8 24. Bd6+ Kf7 25. Kg2 Nb6 26. h4 Rd8 27. Bc7 Rd7 28. Bxb6 axb6 29. a3 f5 30. Rhd1 Rad8 31. Bc2 Kf6 32. Rd2 Bxc3 33. Rxd7 Rxd7 34. bxc3 Rd2 35. Bd3 c5 36. c4 b5 37. Rc1 bxc4 38. Bxc4 Bxc4 39. Rxc4 b6 40. Kf3 Ke5 41. Rc3 Kd4 42. Rb3 Ra2 43. e3+ Kd5 44. Rxb6 Rxa3 45. Rb2 Kc4 46. Ke2 Ra6 47. Rc2+ Kb4 48. Kd2 Rd6+ 49. Kc1 c4 50. Kb2 Rd3 51. Kc1 c3 52. Re2 Kb3 53. f3 Rd8 54. g4 fxg4 55. fxg4 Ra8 56. Kb1 Kc4 57. Rf2 Kd3 58. h5 Rb8+ 59. Kc1 Ra8 1/2-1/2

[Event "1.GRS Open"]
[Site "Ober-Ramstadt, Modauhalle"]
[Date "2024.07.28"]
[Round "5.37"]
[White "Brauer, Julian"]
[Black "Stuhlmann, Florian"]
[Result "0-1"]
[WhiteElo "1770"]
[BlackElo "1944"]
[PlyCount "126"]
[EventDate "2024.07.26"]
[WhiteTeam "SC Herxheim"]
[BlackTeam "SC Königsflügel Lindenholzhausen"]

1. c4 e5 2. g3 c6 3. e4 d5 4. cxd5 cxd5 5. exd5 Qxd5 6. Nf3 Nc6 7. Bg2 Qe4+ 8. Qe2 Qxe2+ 9. Kxe2 Bf5 10. a3 O-O-O 11. b4 Bd3+ 12. Kd1 Nf6 13. Ng5 Rd7 14. Bh3 Bc4 15. Nc3 Nd4 16. Bxd7+ Kxd7 17. d3 Bb3+ 18. Kd2 h6 19. Nxf7 Bxf7 20. Rb1 g5 21. Ne4 Nxe4+ 22. dxe4 h5 23. Bb2 Nf3+ 24. Ke2 g4 25. Rbc1 Rh6 26. h3 Bb3 27. hxg4 hxg4 28. Rxh6 Bxh6 29. Rc3 Ba2 30. Bc1 Bg7 31. Rxf3 gxf3+ 32. Kxf3 Ke6 33. g4 Kf6 34. g5+ Kg6 35. Kg4 Bf8 36. Be3 a6 37. Bd2 Be7 38. Bc3 Bxg5 39. Bxe5 Be6+ 40. Kg3 Bd7 41. f4 Bd8 42. Bd4 Ba4 43. f5+ Kg5 44. Be3+ Kf6 45. Bd4+ Kf7 46. Kf4 Bc2 47. e5 Bc7 48. Kg5 Bb3 49. e6+ Bxe6 50. fxe6+ Kxe6 51. Be3 Be5 52. Kg4 Bb2 53. b5 axb5 54. Kf3 Kd5 55. Ke2 Kc4 56. Kd2 Kb3 57. Bg1 Bxa3 58. Bd4 Bb2 59. Bc5 Bc3+ 60. Kc1 Ka2 61. Kc2 b4 62. Bf2 b3+ 63. Kxc3 b2 0-1

[Event "1.GRS Open"]
[Site "Ober-Ramstadt, Modauhalle"]
[Date "2024.07.28"]
[Round "5.38"]
[White "Feick, Claas Marten"]
[Black "Tietzen, Stefan"]
[Result "1-0"]
[WhiteElo "1767"]
[BlackElo "1939"]
[PlyCount "69"]
[EventDate "2024.07.26"]
[WhiteTeam "SF Neuberg"]
[BlackTeam "SK 1980 Gernsheim"]

1. e4 c5 2. Nf3 e6 3. d4 cxd4 4. Nxd4 a6 5. Bd3 Nf6 6. e5 Qa5+ 7. c3 Qxe5+ 8. Be3 d5 9. O-O Qc7 10. Qe2 Be7 11. Nd2 O-O 12. Bg5 Nc6 13. N2f3 Bd7 14. Bh4 Ng4 15. Bxe7 Nxe7 16. Bxh7+ Kxh7 17. Ng5+ Kg6 18. Qxg4 f5 19. Ngxe6+ fxg4 20. Nxc7 Rac8 21. Rfe1 Rxc7 22. Rxe7 Rf7 23. Re3 Kf6 24. Rae1 g6 25. Ne6 Bxe6 26. Rxe6+ Kg5 27. Rd6 Rc5 28. Re5+ Rf5 29. Ree6 d4 30. Rxg6+ Kh5 31. Rh6+ Kg5 32. g3 Rfe5 33. h4+ Kf5 34. Rhf6+ Ke4 35. Rxd4# 1-0

[Event "1.GRS Open"]
[Site "Ober-Ramstadt, Modauhalle"]
[Date "2024.07.28"]
[Round "5.39"]
[White "Eckert, Michael"]
[Black "Pelt, Alexander"]
[Result "1/2-1/2"]
[WhiteElo "1760"]
[BlackElo "1935"]
[PlyCount "45"]
[EventDate "2024.07.26"]
[WhiteTeam "SK Herborn 1946"]
[BlackTeam "SG Speyer-Schwegenheim 2012"]

1. c4 c6 2. g3 d5 3. Bg2 Nf6 4. Nf3 e6 5. O-O Be7 6. d4 O-O 7. Nc3 Nbd7 8. Qd3 b6 9. e4 dxe4 10. Nxe4 Bb7 11. Nxf6+ Nxf6 12. Ne5 Qc7 13. b3 Rad8 14. Qc3 c5 15. Be3 Bxg2 16. Kxg2 cxd4 17. Bxd4 Ne4 18. Qe3 Qb7 19. Kg1 Bg5 20. f4 Be7 21. Nf3 Nd6 22. Rad1 Nf5 23. Qc3 1/2-1/2

[Event "1.GRS Open"]
[Site "Ober-Ramstadt, Modauhalle"]
[Date "2024.07.28"]
[Round "5.40"]
[White "Seehaus, Bernhard"]
[Black "Weber, Andreas"]
[Result "1-0"]
[WhiteElo "1934"]
[BlackElo "1759"]
[PlyCount "41"]
[EventDate "2024.07.26"]
[WhiteTeam "Schachforum Darmstadt 1994"]
[BlackTeam "SV Oberursel"]

1. Nc3 Nf6 2. e4 d6 3. d4 c6 4. Nf3 g6 5. Bf4 Bg7 6. Qd2 h5 7. h3 Qa5 8. a3 b5 9. b4 Qb6 10. e5 dxe5 11. dxe5 Ng8 12. Rd1 Bh6 13. Bd3 Bxf4 14. Qxf4 Be6 15. Ng5 Rh6 16. Nxe6 fxe6 17. Ne4 Nd7 18. Ng5 O-O-O 19. Nxe6 g5 20. Qf5 Re8 21. Qf7 1-0

[Event "1.GRS Open"]
[Site "Ober-Ramstadt, Modauhalle"]
[Date "2024.07.28"]
[Round "5.41"]
[White "Börsch, Dieter"]
[Black "Roth, Benjamin"]
[Result "1-0"]
[WhiteElo "1738"]
[BlackElo "1927"]
[PlyCount "89"]
[EventDate "2024.07.26"]
[WhiteTeam "SK Bad Homburg 1927"]
[BlackTeam "Sabt Frankfurter TV 1860"]

1. d4 Nf6 2. c4 g6 3. Nc3 Bg7 4. e4 d6 5. Nf3 O-O 6. Be2 e5 7. dxe5 dxe5 8. O-O Nc6 9. h3 Qxd1 10. Rxd1 Ne8 11. Be3 f5 12. Rab1 b6 13. exf5 Bxf5 14. Rbc1 Bc8 15. c5 Bb7 16. Bc4+ Kh8 17. Ng5 Nf6 18. Nf7+ Rxf7 19. Bxf7 Rf8 20. Bc4 Ne7 21. cxb6 axb6 22. Nb5 Ned5 23. Bxd5 Nxd5 24. Nxc7 Nxe3 25. fxe3 Bh6 26. Rc3 Rc8 27. Rd7 e4 28. Kf2 Rf8+ 29. Ke2 Bg7 30. Rxg7 Ba6+ 31. Nxa6 Kxg7 32. Rc7+ Kh6 33. Re7 Ra8 34. Nb4 b5 35. Rxe4 g5 36. g4 Kg6 37. Re6+ Kf7 38. Rb6 h5 39. Rxb5 hxg4 40. hxg4 Kf6 41. Rb6+ Ke5 42. Nd3+ Ke4 43. Rb4+ Kd5 44. Rb5+ Kd6 45. Rc5 1-0

[Event "1.GRS Open"]
[Site "Ober-Ramstadt, Modauhalle"]
[Date "2024.07.28"]
[Round "5.43"]
[White "Niebler, Paul"]
[Black "Vorsilka, Jiri"]
[Result "1-0"]
[WhiteElo "1923"]
[BlackElo "1723"]
[PlyCount "55"]
[EventDate "2024.07.26"]
[WhiteTeam "SK Neuburg"]
[BlackTeam "Oaza Praha"]

1. e4 c5 2. Nf3 d6 3. d4 cxd4 4. Nxd4 Nf6 5. Nc3 a6 6. h3 e6 7. g4 Be7 8. g5 Nfd7 9. Bg2 Nc6 10. h4 Nxd4 11. Qxd4 e5 12. Qe3 b5 13. Nd5 Bb7 14. Bd2 Bxd5 15. exd5 Qb6 16. O-O Qxe3 17. Bxe3 Rc8 18. c3 O-O 19. a4 Ra8 20. Rfc1 Rfc8 21. b4 Rcb8 22. axb5 axb5 23. Bf1 Ra4 24. Rxa4 bxa4 25. Ra1 Rc8 26. Rxa4 Bd8 27. Bh3 Rc7 28. Ra8 1-0

[Event "1.GRS Open"]
[Site "Ober-Ramstadt, Modauhalle"]
[Date "2024.07.28"]
[Round "5.44"]
[White "Draude, Theo"]
[Black "Heppert, Lars"]
[Result "1/2-1/2"]
[WhiteElo "1692"]
[BlackElo "1845"]
[PlyCount "79"]
[EventDate "2024.07.26"]
[WhiteTeam "SF Korbach"]
[BlackTeam "SK Neuburg"]

1. e4 c5 2. Nf3 g6 3. d4 cxd4 4. Nxd4 Bg7 5. Nc3 Nc6 6. Be3 Nf6 7. Bc4 O-O 8. Bb3 a5 9. a4 Nb4 10. Nde2 d5 11. exd5 Bf5 12. Nd4 Be4 13. Nxe4 Nxe4 14. Qf3 Nc5 15. Nc6 Ncd3+ 16. cxd3 bxc6 17. O-O cxd5 18. Bc5 Bxb2 19. Rab1 Bc3 20. Qe3 d4 21. Qxe7 Qxe7 22. Bxe7 Rfe8 23. Bf6 Ra6 24. Bg5 Kg7 25. Bc4 Rb6 26. h4 f6 27. Bf4 Re7 28. g3 h6 29. Bc1 g5 30. Rb3 Kg6 31. Kg2 Rb8 32. Ba3 f5 33. Bb5 Reb7 34. Bc4 Re8 35. Kf3 g4+ 36. Kg2 Re2 37. Bc1 Rbe7 38. Bf4 Rc2 39. Rbb1 Ree2 40. Kg1 1/2-1/2

[Event "1.GRS Open"]
[Site "Ober-Ramstadt, Modauhalle"]
[Date "2024.07.28"]
[Round "5.46"]
[White "Kirchner, Stefan"]
[Black "Kail, Sindy"]
[Result "0-1"]
[WhiteElo "1692"]
[BlackElo "1876"]
[PlyCount "48"]
[EventDate "2024.07.26"]
[WhiteTeam "SF Schöneck"]
[BlackTeam "SK 1925 Großwallstadt"]

1. e4 c5 2. Nf3 d6 3. d4 cxd4 4. Nxd4 Nf6 5. f3 a6 6. c4 e6 7. Nc3 Nc6 8. Nc2 Be7 9. Be3 O-O 10. Be2 Ne5 11. O-O Qc7 12. b3 b5 13. f4 Ng6 14. Qd2 bxc4 15. Bxc4 Bb7 16. Bd3 Rac8 17. Bc4 d5 18. exd5 exd5 19. f5 dxc4 20. fxg6 cxb3 21. gxh7+ Kh8 22. axb3 Qxc3 23. Nd4 Qxd2 24. Bxd2 Bc5 0-1

[Event "1.GRS Open"]
[Site "Ober-Ramstadt, Modauhalle"]
[Date "2024.07.28"]
[Round "5.48"]
[White "Keller, Konstantin"]
[Black "Pabel, Ralph"]
[Result "1/2-1/2"]
[WhiteElo "1687"]
[BlackElo "1860"]
[PlyCount "48"]
[EventDate "2024.07.26"]
[WhiteTeam "SV 1920 Hofheim"]
[BlackTeam "SK 1929 Mainaschaff"]

1. d4 d5 2. c4 c6 3. Nf3 Nf6 4. e3 e6 5. b3 Ne4 6. Qc2 b6 7. Bd3 f5 8. Nbd2 Bb7 9. Ne5 Bd6 10. Ndf3 O-O 11. a3 Nd7 12. Bb2 Rc8 13. b4 c5 14. Qb3 Nxe5 15. dxe5 Be7 16. O-O g5 17. Rad1 Qe8 18. Nd2 g4 19. Bxe4 dxe4 20. g3 Qc6 21. b5 Qc7 22. Qc3 Rfd8 23. Nb3 Bf8 24. Nc1 Kf7 1/2-1/2

[Event "1.GRS Open"]
[Site "Ober-Ramstadt, Modauhalle"]
[Date "2024.07.28"]
[Round "5.50"]
[White "Marinov, Alexander Valentin"]
[Black "Riedel, Thomas"]
[Result "1/2-1/2"]
[WhiteElo "1588"]
[BlackElo "1845"]
[PlyCount "51"]
[EventDate "2024.07.26"]
[WhiteTeam "SV 1920 Hofheim"]
[BlackTeam "SC Einrich e.V."]

1. e4 c5 2. Nc3 Nc6 3. Bb5 g6 4. Bxc6 dxc6 5. d3 Bg7 6. Be3 b6 7. f4 Nf6 8. Nf3 Bg4 9. h3 Bxf3 10. Qxf3 Qd7 11. Ne2 O-O-O 12. a4 a5 13. O-O Rhe8 14. b4 axb4 15. a5 Qb7 16. axb6 Nd7 17. e5 Qxb6 18. Ra2 Kb7 19. Rfa1 Ra8 20. Rxa8 Rxa8 21. Rxa8 Kxa8 22. Nc1 e6 23. Nb3 Qb5 24. Na5 Nb8 25. Nc4 Bf8 26. Qd1 1/2-1/2

[Event "1.GRS Open"]
[Site "Ober-Ramstadt, Modauhalle"]
[Date "2024.07.28"]
[Round "5.55"]
[White "Ferrer Ortega, Jesus Guillermo"]
[Black "Schröder, Jürgen"]
[Result "1/2-1/2"]
[WhiteElo "1744"]
[BlackElo "2010"]
[PlyCount "79"]
[EventDate "2024.07.26"]
[WhiteTeam "SG Solingen"]
[BlackTeam "SC Matt im Park Ffm"]

1. c4 g6 2. g3 Bg7 3. Bg2 d6 4. e4 Nd7 5. Ne2 Ngf6 6. d3 O-O 7. O-O c6 8. Nbc3 a5 9. h3 e5 10. Be3 Nc5 11. Qd2 Ne6 12. f4 exf4 13. gxf4 Nd7 14. f5 Nec5 15. d4 Na6 16. Kh1 c5 17. fxg6 hxg6 18. Bg5 f6 19. Be3 cxd4 20. Nxd4 Ne5 21. b3 Nc5 22. Ndb5 f5 23. Nxd6 Nxe4 24. Ndxe4 fxe4 25. Rxf8+ Qxf8 26. Rf1 Qe7 27. Qd5+ Be6 28. Qxe4 Rd8 29. Nd5 Qe8 30. Bb6 Rd7 31. Bxa5 Qa8 32. Nc7 Qxa5 33. Nxe6 Re7 34. Nxg7 Kxg7 35. Qh4 Rd7 36. Qf6+ Kh7 37. Qh4+ Kg7 38. Qf6+ Kh7 39. Qh4+ Kg7 40. Qf6+ 1/2-1/2

[Event "1.GRS Open"]
[Site "Ober-Ramstadt, Modauhalle"]
[Date "2024.07.28"]
[Round "5.57"]
[White "Hofmann, Marco"]
[Black "Saßmannshausen, Mark"]
[Result "0-1"]
[WhiteElo "1684"]
[BlackElo "1935"]
[PlyCount "62"]
[EventDate "2024.07.26"]
[WhiteTeam "VSG 1880 Offenbach"]
[BlackTeam "SV Oberursel"]

1. e4 c5 2. c3 b6 3. d4 Bb7 4. Bd3 f5 5. Nd2 Nf6 6. Qe2 cxd4 7. cxd4 e6 8. Ngf3 fxe4 9. Nxe4 Bb4+ 10. Bd2 Bxd2+ 11. Nfxd2 O-O 12. O-O Nxe4 13. Bxe4 Nc6 14. d5 exd5 15. Bxd5+ Kh8 16. Bb3 Qf6 17. Ne4 Nd4 18. Qd3 Bxe4 19. Qxe4 Rae8 20. Qd3 Re2 21. Qg3 Rxb2 22. Bc4 Ne2+ 23. Bxe2 Rxe2 24. Rad1 Qf7 25. a3 d5 26. Rc1 Rfe8 27. Rc7 Qf6 28. Rxa7 Re1 29. h3 Rxf1+ 30. Kh2 Rxf2 31. Rb7 g5 0-1

[Event "1.GRS Open"]
[Site "Ober-Ramstadt, Modauhalle"]
[Date "2024.07.28"]
[Round "5.58"]
[White "Ziska, Stephan"]
[Black "Hasenpflug, Till"]
[Result "1/2-1/2"]
[WhiteElo "1910"]
[BlackElo "1680"]
[PlyCount "58"]
[EventDate "2024.07.26"]
[WhiteTeam "SF Bürstadt"]
[BlackTeam "SK Bad Homburg 1927"]

1. d4 Nf6 2. Nf3 g6 3. Bf4 Bg7 4. e3 O-O 5. c4 d6 6. Nbd2 Nbd7 7. h3 c5 8. Be2 b6 9. O-O Bb7 10. Qb3 Rb8 11. a4 a5 12. d5 Ba6 13. Rfe1 Qc7 14. e4 Rfd8 15. Bd3 Nh5 16. Bh2 Be5 17. Bxe5 Nxe5 18. Nxe5 dxe5 19. Re3 f6 20. Be2 Ng7 21. Qc3 Ne8 22. Rg3 Nd6 23. Bg4 Bc8 24. Qf3 Kf7 25. h4 Bxg4 26. Qxg4 Qd7 27. Qe2 Rg8 28. h5 g5 29. Nf3 h6 1/2-1/2

[Event "1.GRS Open"]
[Site "Ober-Ramstadt, Modauhalle"]
[Date "2024.07.28"]
[Round "5.59"]
[White "Pham-Tran, Phuong-Bao"]
[Black "Buntkowsky, Gerd"]
[Result "1-0"]
[WhiteElo "1893"]
[BlackElo "1662"]
[PlyCount "117"]
[EventDate "2024.07.26"]
[WhiteTeam "Sabt Frankfurter TV 1860"]
[BlackTeam "SC Ober-Ramstadt"]

1. e4 d6 2. d4 Nf6 3. Nc3 c6 4. a4 Qa5 5. Bd2 e5 6. d5 cxd5 7. Nxd5 Qd8 8. Bg5 Be7 9. Nxe7 Qxe7 10. f3 h6 11. Be3 O-O 12. c4 Be6 13. Bd3 Nbd7 14. Ne2 Nc5 15. Nc3 Nxd3+ 16. Qxd3 a6 17. O-O Rac8 18. b3 Rfd8 19. Rfd1 Ne8 20. Bb6 Rd7 21. Qe3 Qg5 22. Qxg5 hxg5 23. h3 Rc6 24. Be3 f6 25. Rd3 Kf7 26. Rad1 Ke7 27. Bc1 b6 28. Be3 Rb7 29. Na2 a5 30. Nc3 Bf7 31. Nb5 Be6 32. Bc1 Rd7 33. Ba3 f5 34. exf5 Bxf5 35. R3d2 Ke6 36. Re2 Kf6 37. Bc1 Be6 38. Rde1 g6 39. Nd4 Rc8 40. Nxe6 Kxe6 41. Bxg5 Kf7 42. Re4 Nf6 43. Bxf6 Kxf6 44. f4 Re7 45. fxe5+ Rxe5 46. Rf1+ Ke6 47. Rd4 Rc6 48. Rg4 Rf5 49. Rxg6+ Ke5 50. Re1+ Kd4 51. Rg4+ Kc5 52. Rge4 d5 53. Re5 Rxe5 54. Rxe5 Rd6 55. Rxd5+ Rxd5 56. cxd5 Kxd5 57. h4 Kc5 58. h5 Kb4 59. h6 1-0

[Event "1.GRS Open"]
[Site "Ober-Ramstadt, Modauhalle"]
[Date "2024.07.28"]
[Round "5.60"]
[White "Henzelmann, Matthias"]
[Black "Diehl, Stefan"]
[Result "0-1"]
[WhiteElo "1657"]
[BlackElo "1878"]
[PlyCount "108"]
[EventDate "2024.07.26"]
[WhiteTeam "SC Heuchelheim"]
[BlackTeam "SC Eschborn 1974"]

1. d4 f5 2. c4 Nf6 3. Nc3 e6 4. g3 d5 5. e3 c6 6. a3 Bd6 7. Nf3 O-O 8. b4 Nbd7 9. Bb2 Qe7 10. c5 Bc7 11. a4 e5 12. Be2 b6 13. Ba3 bxc5 14. bxc5 Ba5 15. Qc2 Ne4 16. Bb2 Rb8 17. Ra3 exd4 18. Nxd4 Qxc5 19. Ne6 Rxb2 20. Qxb2 Bxc3+ 21. Rxc3 Qxc3+ 22. Qxc3 Nxc3 23. Nxf8 Kxf8 24. a5 Ne5 25. f4 Nxe2 26. Kxe2 Ba6+ 27. Kf2 Nc4 28. Rc1 Bb5 29. h3 a6 30. Ra1 Ke7 31. g4 Kf6 32. Ra2 g6 33. g5+ Ke6 34. h4 Nd6 35. Ra3 c5 36. Ke1 Nc4 37. Rc3 Kd6 38. Kd1 Nxa5 39. Kc2 Nc6 40. Kb3 Nb4 41. Kb2 a5 42. Ra3 a4 43. Kc3 Nc6 44. Kc2 Na5 45. Rc3 Bc4 46. Kb1 Nc6 47. Kb2 Na7 48. Ra3 Bb3 49. Kc1 Nb5 50. Ra1 a3 51. Kd2 a2 52. Kc1 c4 53. Kb2 Kc5 54. Rd1 Bxd1 0-1

[Event "1.GRS Open"]
[Site "Ober-Ramstadt, Modauhalle"]
[Date "2024.07.28"]
[Round "5.61"]
[White "Shanmuganathan, Adhav"]
[Black "Himmelspacht, Maxim"]
[Result "0-1"]
[WhiteElo "1611"]
[BlackElo "1824"]
[PlyCount "48"]
[EventDate "2024.07.26"]
[WhiteTeam "SV 1934 Ffm-Griesheim"]
[BlackTeam "SK 1858 Gießen"]

1. e4 e6 2. c4 d5 3. cxd5 exd5 4. exd5 Nf6 5. Bb5+ Nbd7 6. Nc3 a6 7. Ba4 Be7 8. Nge2 O-O 9. Bxd7 Qxd7 10. Qb3 Rd8 11. Nf4 Qg4 12. d4 Bd6 13. h3 Qf5 14. g4 Qd7 15. g5 Qe7+ 16. Kd1 Ne4 17. Nxe4 Qxe4 18. Re1 Qxd4+ 19. Nd3 Bf5 20. Re3 Re8 21. Kd2 Bf4 22. Ke2 Bxe3 23. Bxe3 Bxd3+ 24. Qxd3 Qxb2+ 0-1

[Event "1.GRS Open"]
[Site "Ober-Ramstadt, Modauhalle"]
[Date "2024.07.28"]
[Round "5.62"]
[White "Gärtner, David"]
[Black "Gläßer, Vanessa"]
[Result "1/2-1/2"]
[WhiteElo "1653"]
[BlackElo "1819"]
[PlyCount "64"]
[EventDate "2024.07.26"]
[WhiteTeam "Sfr.Mainz 1928"]
[BlackTeam "SC Ladja Roßdorf"]

1. d4 Nf6 2. c4 c5 3. d5 d6 4. Nc3 g6 5. Nf3 Bg7 6. Bf4 Bf5 7. h3 Ne4 8. Nxe4 Bxe4 9. Nd2 Bf5 10. e4 Bd7 11. Qb3 Qb6 12. Rb1 Na6 13. a3 O-O 14. Bd3 f5 15. Bg5 Qxb3 16. Nxb3 fxe4 17. Bxe4 Rf7 18. O-O b6 19. Rfe1 Re8 20. Re2 Be5 21. Nd2 Kg7 22. Nf3 Bf6 23. Rbe1 h6 24. Bxf6+ exf6 25. Bc2 Rxe2 26. Rxe2 Nc7 27. Nh4 f5 28. Nf3 Kf6 29. g3 b5 30. b3 g5 31. Kg2 Na8 32. Nd2 Nb6 1/2-1/2

[Event "1.GRS Open"]
[Site "Ober-Ramstadt, Modauhalle"]
[Date "2024.07.28"]
[Round "5.63"]
[White "Fröhlich-Dill, Astrid"]
[Black "Rodriguez, José"]
[Result "1-0"]
[WhiteElo "1800"]
[BlackElo "1580"]
[PlyCount "100"]
[EventDate "2024.07.26"]
[WhiteTeam "SV 1920 Hofheim"]
[BlackTeam "Mosbacher SC von 1931"]

1. d4 Nf6 2. c4 e6 3. Nc3 d5 4. Bg5 c5 5. Bxf6 Qxf6 6. e3 Qd8 7. cxd5 exd5 8. dxc5 Be6 9. b4 Be7 10. Bb5+ Nc6 11. Nge2 O-O 12. Bxc6 bxc6 13. O-O Bf6 14. Nd4 Bxd4 15. Qxd4 Qg5 16. f4 Qg6 17. Rf3 f6 18. a4 a6 19. a5 h5 20. Rg3 Qh7 21. h3 h4 22. Rf3 Bf5 23. Re1 Rfe8 24. Qd2 Be4 25. Rf2 f5 26. Ne2 Re6 27. Nd4 Rg6 28. Nf3 Bxf3 29. Rxf3 Re6 30. Qd3 Re4 31. Rb1 Qg6 32. Rf2 Qg3 33. Rf3 Qg6 34. Rb3 Qf6 35. g4 hxg3 36. Rxg3 Ra7 37. Rg5 Qa1+ 38. Rb1 Qf6 39. Kh2 Rae7 40. Rg3 d4 41. exd4 Rxd4 42. Qf1 Qh4 43. Rb2 Rxf4 44. Rf3 Rxf3 45. Qxf3 Qe4 46. Qxe4 fxe4 47. Kg3 Kf7 48. Kf4 Kf6 49. h4 g6 50. Re2 e3 $138 1-0

[Event "1.GRS Open"]
[Site "Ober-Ramstadt, Modauhalle"]
[Date "2024.07.28"]
[Round "5.68"]
[White "Liu, Jonas"]
[Black "Hurek, Werner"]
[Result "0-1"]
[WhiteElo "1519"]
[BlackElo "1772"]
[PlyCount "68"]
[EventDate "2024.07.26"]
[WhiteTeam "SV Oberursel"]
[BlackTeam "SC 1924 Lampertheim"]

1. e4 d6 2. d4 Nf6 3. Nc3 a6 4. Nf3 Bg4 5. Be2 Nc6 6. O-O g6 7. h3 Bxf3 8. Bxf3 e5 9. dxe5 Nxe5 10. Re1 Bg7 11. Bg5 h6 12. Bh4 g5 13. Bg3 Nfd7 14. Qe2 Qf6 15. Bg4 Nxg4 16. Qxg4 h5 17. Qe2 O-O-O 18. Nd5 Qe6 19. Qe3 c6 20. Nb6+ Nxb6 21. Qxb6 h4 22. Bh2 Rhe8 23. Re3 Rd7 24. Rae1 g4 25. hxg4 Qc4 26. Qb3 Qc5 27. Rf3 d5 28. e5 Qd4 29. Rf4 Rxe5 30. Rf1 Re4 31. c3 Qd2 32. Rxe4 dxe4 33. Qb4 e3 34. Qb6 e2 0-1

[Event "1.GRS Open"]
[Site "Ober-Ramstadt, Modauhalle"]
[Date "2024.07.28"]
[Round "5.69"]
[White "Aurich, Michael"]
[Black "Bahlo, Jens"]
[Result "0-1"]
[WhiteElo "1644"]
[BlackElo "1905"]
[PlyCount "78"]
[EventDate "2024.07.26"]
[WhiteTeam "SAbt TEC Darmstadt"]
[BlackTeam "SK 1858 Gießen"]

1. d4 Nc6 2. Nf3 d5 3. h3 Nf6 4. Bf4 e6 5. c3 Bd6 6. Ne5 Ne4 7. e3 Nxe5 8. dxe5 Be7 9. Be2 Bd7 10. O-O c5 11. Bf3 Bc6 12. Qc2 Rc8 13. a4 O-O 14. Rd1 Qc7 15. Qe2 Rfd8 16. Qc2 a6 17. Bxe4 dxe4 18. Nd2 b6 19. Qb3 b5 20. axb5 axb5 21. Qc2 Ra8 22. Nb3 g5 23. Bh2 Kg7 24. g4 Bd5 25. Nd2 Qb7 26. c4 bxc4 27. Nxc4 Rxa1 28. Rxa1 Bxc4 29. Qxc4 Qxb2 30. Ra7 Re8 31. Qxe4 Qb6 32. Rb7 Qa6 33. Rc7 Bf8 34. Rb7 Qa8 35. Qb1 c4 36. Rd7 c3 37. Rb7 Qa4 38. Rc7 Rd8 39. Rxc3 Rd1+ 0-1

[Event "1.GRS Open"]
[Site "Ober-Ramstadt, Modauhalle"]
[Date "2024.07.28"]
[Round "5.70"]
[White "Witt, Alexander"]
[Black "Mehlen, Theodor"]
[Result "0-1"]
[WhiteElo "1637"]
[BlackElo "1847"]
[PlyCount "104"]
[EventDate "2024.07.26"]
[WhiteTeam "Vorw.Orient Mainz"]
[BlackTeam "SC Matt im Park Ffm"]

1. e4 c5 2. Nf3 Nc6 3. d4 cxd4 4. Nxd4 e5 5. Nb3 Nf6 6. Nc3 Bb4 7. Bd3 O-O 8. O-O Bxc3 9. bxc3 d5 10. Bg5 dxe4 11. Bxf6 Qxf6 12. Bxe4 Bf5 13. Qf3 Bxe4 14. Qxe4 Qg6 15. Qe2 Rfd8 16. Rad1 Qe6 17. Rd2 Rxd2 18. Qxd2 Rd8 19. Qe2 Qd6 20. Re1 b6 21. Kf1 f6 22. Qe4 g6 23. Re2 Qd5 24. Qxd5+ Rxd5 25. Rd2 Rxd2 26. Nxd2 Kf7 27. Ke2 Ke6 28. Kd3 f5 29. Kc4 a6 30. a4 g5 31. Nb3 f4 32. f3 h5 33. Nd2 g4 34. Ne4 Na5+ 35. Kb4 gxf3 36. gxf3 Nb7 37. Kc4 h4 38. Nf2 Nd6+ 39. Kd3 Kd5 40. h3 Nf7 41. Ne4 Nd6 42. Nxd6 Kxd6 43. Ke4 b5 44. a5 Ke6 45. Kd3 Kd5 46. Ke2 e4 47. fxe4+ Kxe4 48. Kf2 f3 49. Kf1 Ke3 50. Ke1 f2+ 51. Kf1 Kd2 52. Kxf2 Kxc2 0-1

[Event "1.GRS Open"]
[Site "Ober-Ramstadt, Modauhalle"]
[Date "2024.07.28"]
[Round "5.71"]
[White "Ghaznavi, Massoud"]
[Black "Münstermann, Matthias"]
[Result "1-0"]
[WhiteElo "1630"]
[BlackElo "1787"]
[PlyCount "109"]
[EventDate "2024.07.26"]
[WhiteTeam "SV Oberursel"]
[BlackTeam "SK Langen"]

1. d4 Nf6 2. c4 g6 3. Nc3 d5 4. e3 Bg7 5. c5 O-O 6. Bd3 Nc6 7. a3 e5 8. Nge2 exd4 9. exd4 Re8 10. O-O Ng4 11. Bb5 a6 12. Ba4 Be6 13. h3 Nh6 14. Be3 Nf5 15. Qd2 Nxe3 16. fxe3 Qg5 17. Rf3 Red8 18. Bxc6 bxc6 19. Raf1 f5 20. Rg3 Qe7 21. Nf4 Bf7 22. Nd3 a5 23. a4 Re8 24. Rff3 Bf6 25. Rxf5 Bh4 26. Re5 Qd8 27. Rf3 Rf8 28. Nf4 Qd7 29. Nd3 Be6 30. Nf4 Rae8 31. Qd1 Bf6 32. Nxe6 Rxe6 33. Rxe6 Qxe6 34. Qf1 Bg7 35. Ne2 Bh6 36. Rxf8+ Bxf8 37. Qf3 Bh6 38. Kf2 Bg5 39. Nc3 Bh6 40. e4 dxe4 41. Nxe4 Bg7 42. Qe3 Qc4 43. b3 Qb4 44. Kf3 Bxd4 45. Qd3 Bxc5 46. Qc4+ Qxc4 47. bxc4 Bd4 48. Ng5 c5 49. Ke4 h6 50. Ne6 Kf7 51. Nxc7 Ke7 52. Kd5 Kd7 53. Ne6 Bf2 54. Nf8+ Kc7 55. Nxg6 1-0